| 000 | 00500pab a2200169 454500 | ||
|---|---|---|---|
| 008 | 180718b2015 xxu||||| |||| 00| 0 eng d | ||
| 100 | _aPillai, Renjith R. | ||
| 245 | _aTraining and handholding support for community level workers in disaster psychosocial care pogramme | ||
| 260 | _c2015 | ||
| 300 | _ap.49-54. | ||
| 362 | _aJan-Jun | ||
| 650 | _aCommunity action | ||
| 650 | _aTraining | ||
| 700 | _aSekar, K. | ||
| 773 | _aSouth Asian Journal of Socio-Political Studies | ||
| 909 | _a108014 | ||
| 999 |
_c108009 _d108009 |
||